000 01279nam0a22002771 4500
001 rc\4086214
005 20260406083846.0
021 _aRU
_b[48-13278]
035 _a(NLR Aleph) 008129036
090 _a9411864
_c9411864
100 _a20130415g19471948|||y0rusy50 ca
101 0 _arus
102 _aRU
105 _aa z |||||
200 1 _aЭлектростатика
_eРаздел курса лекций по теорет. основам электротехники, прочит. на Электрофиз. фак. МЭИ в 1946/47 учеб. г.
_fМоск. ордена Ленина энергет. ин-т им. В.М. Молотова
210 _aМосква
_cтип. Профиздата
_d1947 [вып. дан.: 1948]
215 _a118 с.
_cчерт.
_d21
300 _aПеред загл. авт.: К.М. Поливанов, проф. д-р техн. наук
606 _aЭлектростатика
_jУчебники и пособия
_2psbo
700 1 _4070
_7ca
_8rus
_aПоливанов
_bК. М.
_cд-р техн. наук
_f1904-1983
_gКонстантин Михайлович
_92650528
_3RU\NLR\AUTH\770278561
801 0 _aRU
_bNLR
_gpsbo
801 1 _aRU
_bELAR
_2rusmarc
852 _aNLR
_jТ20 Г-3/100
942 _cBOOK
980 _aNB